The obituary club /

Saved in:
Bibliographic Details
Main Author: Pentecost, Hugh, 1903-
Format: Book
Language:English
Published: London : T. V. Boardman, 1959, c1958.
Series:American bloodhound mystery ; no. 270
LEADER 00788nam a2200217 a 4500
001 c000096263
003 CARM
005 00000000000000.0
008 950728t19591958enk 00001 eng d
019 1 |a 11741637  |5 LACONCORD2021 
035 |a (OCoLC)14071480  |5 LACONCORD2021 
040 |a VLINC  |c VLINC 
100 1 |a Pentecost, Hugh,  |d 1903- 
245 1 4 |a The obituary club /  |c by Hugh Pentecost. 
260 |a London :  |b T. V. Boardman,  |c 1959, c1958. 
300 |a 189 p. ;  |c 19 cm. 
440 0 |a American bloodhound mystery ;  |v no. 270 
852 8 |b CARM  |h A2:AG16H0  |i A00751  |p 0100002  |f BK 
082 0 4 |a 813.54  |2 20 
999 f f |i c99115c5-9d4a-5227-a37b-37de9e27616d  |s dd14ba5d-d0be-5f97-a61d-dcb2126dfd17 
952 f f |p Can circulate  |a CAVAL  |b CAVAL  |c CAVAL  |d CARM 1 Store  |e A00751  |f A2:AG16H0  |h Other scheme  |i book  |m 0100002